Wenn die Wiener Bezirke Städte wären... - Statistiken

Allgemein
  • Dieses Quiz wurde 207 mal gespielt
  • Das Durchschnittsergebnis liegt bei 6 aus 10
Antwortstatistiken
Einwohner Stadt % Korrekt
207.193 Favoriten
86%
195.230 Donaustadt
81%
167.968 Floridsdorf
80%
104.434 Simmering
76%
110.464 Liesing
64%
105.848 Leopoldstadt
60%
243.166 Graz
42%
199.910 Linz
42%
117.287 Innsbruck
40%
139.426 Salzburg
39%
Keine übereinstimmenden Quizze gefunden
Verteilung der Resultate
Anzahl Personen mit jedem Resultat
Perzentil nach korrekt beantworteten Fragen
Ihre Resultats-Entwicklung
Sie haben dieses Quiz noch nicht gespielt